Countries that Start with and End in A - Statistics

General Stats
  • This quiz has been taken 101 times
  • The average score is 8 of 9
Answer Stats
Countries % Correct
Australia
99%
Austria
94%
Armenia
89%
Albania
86%
Angola
86%
Andorra
83%
Algeria
79%
Argentina
79%
Antigua and Barbuda
74%
No matching quizzes found
Score Distribution
Percent of People with Each Score
Percentile by Number Answered
Your Score History
You have not taken this quiz